000 00755nam a22002535i 4500
001 11492
003 ES-MaACL
005 20230906150118.0
007 t|
008 921118s1992 sp |||| | spa j
020 _a84-7100-562-X
080 _a9(=97:728.1)
100 1 _aRojas Lima, Flavio.
_999073
245 1 4 _aLos indios de Guatemala
_b: el lado oculto de la historia /
_cFlavio Rojas Lima.
260 _aMadrid :
_bMAPFRE,
_cD.L. 1992.
300 _a311 p ;
_c23 cm.
490 1 _aColección Indios de América ;
_v9
500 _aIndices.
504 _aBibliografía: p. 301-305.
650 4 _aIndios de Guatemala.
_913691
830 0 _aColección Indios de América ;
_v9
_9179123
852 _aES-MaACL
_jL-18817
999 _c11492
_d11492